[Event "21st WCh U20 Girls"]
[Site "Nakhchivan AZE"]
[Date "2003.06.26"]
[Round "5"]
[White "Charbonneau, Anne-Marie"]
[Black "Mamedyarova, Turkan"]
[Result "1/2-1/2"]
[WhiteElo "2052"]
[BlackElo "2222"]
[EventDate "2003.06.22"]
[PlyCount "80"]

1.d4 Nf6 2.c4 e6 3.Nc3 d5 4.cxd5 exd5 5.Bg5 Be7 6.e3 O-O 7.Qc2 h6 8.Bh4 c6
9.Bd3 Re8 10.Nf3 Ne4 11.Bg3 f5 12.Ne5 Bf6 13.Nxe4 fxe4 14.Be2 Bxe5 15.Bxe5
Nd7 16.Bg3 Qa5+ 17.Qd2 Qxd2+ 18.Kxd2 Nf6 19.h3 Be6 20.b4 Nd7 21.a4 a5 22.
b5 c5 23.dxc5 Nxc5 24.Ra3 d4 25.Rb1 dxe3+ 26.Kxe3 Nd3 27.Rc3 Nb4 28.Bc4 
Bxc4 29.Rxc4 Rad8 30.Rbc1 Rd3+ 31.Ke2 e3 32.Rc8 Rxc8 33.Rxc8+ Kh7 34.fxe3 
Ra3 35.Be5 Nd5 36.Bd4 Rxa4 37.Rb8 Nf4+ 38.Kf3 Ne6 39.Ba7 Rb4 40.Rxb7 a4 
1/2-1/2

[Event "21st WCh U20 Girls"]
[Site "Nakhchivan AZE"]
[Date "2003.06.26"]
[Round "5"]
[White "Karavade, Eesha"]
[Black "Morales Mendoza, Luciana"]
[Result "1-0"]
[WhiteElo "2199"]
[BlackElo "2051"]
[EventDate "2003.06.22"]
[PlyCount "55"]

1.e4 e6 2.d4 d5 3.e5 c5 4.c3 Nc6 5.Nf3 Bd7 6.Be2 f6 7.O-O Qc7 8.Bf4 Nge7 
9.Bg3 Nf5 10.exf6 Qb6 11.f7+ Kxf7 12.Ne5+ Nxe5 13.Bxe5 Qxb2 14.Nd2 Qxc3 
15.Nf3 Be7 16.dxc5 Qxc5 17.Rc1 Qb6 18.Bc7 Qb4 19.Ne5+ Ke8 20.Bd3 Nh4 21.
Qh5+ g6 22.Bxg6+ Nxg6 23.Nxg6 hxg6 24.Qxh8+ Bf8 25.Qg8 Qg4 26.Bd6 Qf5 27.
Rc7 Bc6 28.Bxf8 1-0

[Event "21st WCh U20 Girls"]
[Site "Nakhchivan AZE"]
[Date "2003.06.26"]
[Round "5"]
[White "Nowak, Dominika"]
[Black "Verot, Melanie"]
[Result "0-1"]
[WhiteElo "2098"]
[BlackElo "2092"]
[EventDate "2003.06.22"]
[PlyCount "114"]

1.e4 c5 2.Nf3 d6 3.d4 cxd4 4.Nxd4 Nf6 5.Nc3 Nc6 6.f3 e5 7.Nb3 Be7 8.Be3 
O-O 9.Qd2 a5 10.a3 Be6 11.Nd5 Bxd5 12.exd5 Nb8 13.c4 Nbd7 14.Bd3 a4 15.Nc1
e4 16.fxe4 Ng4 17.O-O Bf6 18.Bf4 Qb6+ 19.Kh1 Bd4 20.h3 Nf2+ 21.Kh2 Nf6 22.
Ne2 Qxb2 23.Ra2 Qxd2 24.Rxd2 Bc5 25.Rxf2 Bxf2 26.Bxd6 Rfe8 27.Nc3 Be1 28.
Rc2 Bxc3 29.Rxc3 Nxe4 30.Bxe4 Rxe4 31.Bb4 Rd4 32.d6 b6 33.Re3 h6 34.Re7 
Rd8 35.Ra7 Rxc4 36.Rxa4 Rd7 37.Ra6 Rxb4 38.axb4 Rxd6 39.Ra8+ Kh7 40.Rb8 
Kg6 41.Rc8 Kf5 42.Rc7 Ke6 43.Kg3 g6 44.h4 h5 45.Kf3 f6 46.Kg3 Ke5 47.Rb7 
Rc6 48.Kh3 Kf4 49.Rb8 Ke5 50.Kg3 Ke4 51.Re8+ Kd5 52.Rd8+ Kc4 53.Rg8 f5 54.
Kf4 Kxb4 55.Kg5 Kc3 56.Rxg6 Rxg6+ 57.Kxg6 b5 0-1

[Event "21st WCh U20 Girls"]
[Site "Nakhchivan AZE"]
[Date "2003.06.26"]
[Round "5"]
[White "Mammadova, Nargiz"]
[Black "Khudaverdieva, Afag"]
[Result "0-1"]
[WhiteElo "2122"]
[BlackElo "2063"]
[EventDate "2003.06.22"]
[PlyCount "52"]

1.c4 e6 2.Nf3 d5 3.g3 Nf6 4.Bg2 Be7 5.O-O O-O 6.cxd5 exd5 7.d4 Re8 8.Nc3 
b6 9.Bg5 Bb7 10.Rc1 c5 11.dxc5 bxc5 12.Na4 Na6 13.Bxf6 Bxf6 14.Nxc5 Nxc5 
15.Rxc5 Qb6 16.Rc1 Ba6 17.Qxd5 Rad8 18.Qf5 Rxe2 19.Ng5 Bxg5 20.Qxg5 h6 21.
Qf4 g5 22.Qf5 Bd3 23.Qh3 Rd2 24.Rc6 Qd4 25.Qxh6 Bxf1 26.Qxg5+ Kf8 0-1

[Event "21st WCh U20 Girls"]
[Site "Nakhchivan AZE"]
[Date "2003.06.26"]
[Round "5"]
[White "Van der Merwe, Cecile"]
[Black "Yilmaz, Ezgi"]
[Result "1-0"]
[WhiteElo "2068"]
[BlackElo "1986"]
[EventDate "2003.06.22"]
[PlyCount "79"]

1.e4 c5 2.Nc3 Nc6 3.f4 g6 4.Nf3 e6 5.Bb5 Nge7 6.e5 d5 7.exd6 Qxd6 8.Ne4 
Qxf4 9.d3 Qc7 10.Nf6+ Kd8 11.O-O Bg7 12.Ng5 Nf5 13.Nge4 h6 14.c3 a6 15.
Bxc6 Qxc6 16.Bf4 b6 17.d4 Bb7 18.dxc5+ Kc8 19.Qe2 Bxf6 20.Nxf6 Qxc5+ 21.
Kh1 Nh4 22.Ne4 Qc6 23.Nd6+ Kd7 24.Nxb7 Qxb7 25.Rad1+ Ke8 26.Be5 Rh7 27.Bf6
Nf5 28.Rf3 Ne7 29.Rfd3 Nc6 30.Qf3 Kf8 31.Rd6 Re8 32.Qxc6 Qxc6 33.Rxc6 Kg8 
34.Rcd6 Rh8 35.Rd8 Kh7 36.Bxh8 Rxh8 37.Rxh8+ Kxh8 38.Rd6 Kg7 39.Rxb6 h5 
40.Rxa6 1-0

[Event "21st WCh U20 Girls"]
[Site "Nakhchivan AZE"]
[Date "2003.06.28"]
[Round "6"]
[White "Tania, Sachdev"]
[Black "Dzagnidze, Nana"]
[Result "0-1"]
[WhiteElo "2245"]
[BlackElo "2376"]
[EventDate "2003.06.22"]
[PlyCount "130"]

1.d4 Nf6 2.c4 e6 3.Nf3 b6 4.g3 Ba6 5.b3 d5 6.Bg2 dxc4 7.Ne5 Bb4+ 8.Kf1 Bd6
9.Nxc4 Nd5 10.Bf3 f5 11.Kg2 Bb7 12.Re1 O-O 13.Nxd6 cxd6 14.Bb2 Nd7 15.Nc3 
N7f6 16.Nxd5 Bxd5 17.Bxd5 Nxd5 18.e3 Rc8 19.Qf3 Rc2 20.Re2 Qe7 21.Rae1 Nf6
22.Ba3 Rc6 23.Rd1 Rfc8 24.Ree1 Ne4 25.Rc1 Qb7 26.Rxc6 Rxc6 27.Rc1 Rxc1 28.
Bxc1 Qc6 29.Qd1 g5 30.f3 Nf6 31.e4 g4 32.e5 dxe5 33.dxe5 gxf3+ 34.Qxf3 Ne4
35.Be3 Qc2+ 36.Kh3 Qd3 37.Qh5 Qd7 38.Kg2 Qf7 39.Qd1 Qc7 40.Bh6 Qxe5 41.
Qd8+ Kf7 42.Qd7+ Kg6 43.Bf4 Qb2+ 44.Kh1 Nf2+ 45.Kg1 Nh3+ 46.Kh1 Qb1+ 47.
Kg2 Nxf4+ 48.gxf4 Qe4+ 49.Kg3 Qe3+ 50.Kg2 Qe2+ 51.Kg1 Kh6 52.Qd6 Kh5 53.
Qe7 Kg4 54.Qxh7 Qe1+ 55.Kg2 Qd2+ 56.Kg1 Qc1+ 57.Kg2 Qb2+ 58.Kg1 Qa1+ 59.
Kg2 Qxa2+ 60.Kg1 Qa1+ 61.Kg2 Qb2+ 62.Kg1 Qd4+ 63.Kg2 Qd2+ 64.Kg1 Qxf4 65.
Qxa7 Kf3 0-1

[Event "21st WCh U20 Girls"]
[Site "Nakhchivan AZE"]
[Date "2003.06.28"]
[Round "6"]
[White "Makka, Ioulia"]
[Black "Sergeeva, Maria"]
[Result "0-1"]
[WhiteElo "2234"]
[BlackElo "2340"]
[EventDate "2003.06.22"]
[PlyCount "106"]

1.e4 c5 2.Nf3 d6 3.d4 cxd4 4.Nxd4 Nf6 5.Nc3 a6 6.g3 e5 7.Nde2 Be7 8.Bg2 
O-O 9.O-O b5 10.h3 Bb7 11.a3 Nbd7 12.g4 Nc5 13.Ng3 Ne6 14.Nf5 g6 15.Nxe7+ 
Qxe7 16.Bh6 Rfd8 17.Qd2 Rac8 18.Rac1 Rc4 19.b3 Rc5 20.Be3 Rcc8 21.Nd5 Nxd5
22.exd5 Nc5 23.a4 Re8 24.axb5 axb5 25.Ra1 f5 26.gxf5 gxf5 27.Bg5 Qf7 28.
Ra7 f4 29.Bf3 Ra8 30.Rxa8 Rxa8 31.Kh2 Kh8 32.Rg1 Rg8 33.Bh5 Qf5 34.h4 h6 
35.Bg4 Qg6 36.Be7 h5 37.f3 hxg4 38.Rxg4 Qh6 39.Rxg8+ Kxg8 40.Qa5 Bxd5 41.
Qd8+ Kh7 42.Bg5 Qg6 43.Qe7+ Bf7 44.Kh1 Ne6 45.Bf6 Nd4 46.Qd8 Qg8 47.Qxd6 
Nxf3 48.Qd3+ Qg6 49.Qxf3 Qxf6 50.Qd3+ Kh6 51.Qh3 Be6 52.Qh2 Qg6 53.Qd2 Bf5
0-1

[Event "21st WCh U20 Girls"]
[Site "Nakhchivan AZE"]
[Date "2003.06.28"]
[Round "6"]
[White "Calotescu, Ana-Cristina"]
[Black "Ismailova, Aytaj"]
[Result "1-0"]
[WhiteElo "2334"]
[BlackElo "2168"]
[EventDate "2003.06.22"]
[PlyCount "59"]

1.Nf3 d5 2.g3 Nf6 3.Bg2 Bf5 4.O-O e6 5.d3 Be7 6.Nfd2 h6 7.Nc3 c5 8.e4 dxe4
9.Ndxe4 Nc6 10.Be3 Qa5 11.a3 Nxe4 12.Nxe4 O-O 13.b4 cxb4 14.axb4 Qc7 15.b5
Nb4 16.Rxa7 Rxa7 17.b6 Ra1 18.bxc7 Rxd1 19.Rxd1 Rc8 20.Bf4 g5 21.Be5 Nc6 
22.Nf6+ Bxf6 23.Bxf6 Rxc7 24.Ra1 Nb4 25.Ra8+ Kh7 26.Be5 Rxc2 27.Rh8+ Kg6 
28.Rg8+ Kh5 29.h3 Nxd3 30.Bf3+ 1-0

[Event "21st WCh U20 Girls"]
[Site "Nakhchivan AZE"]
[Date "2003.06.28"]
[Round "6"]
[White "Harika, Dronavalli"]
[Black "Karavade, Eesha"]
[Result "1-0"]
[WhiteElo "2294"]
[BlackElo "2199"]
[EventDate "2003.06.22"]
[PlyCount "71"]

1.Nf3 Nf6 2.d4 g6 3.g3 Bg7 4.Bg2 O-O 5.O-O d5 6.Ne5 c5 7.dxc5 Qc7 8.Nd3 
Nbd7 9.b4 Ne4 10.c3 b6 11.Bf4 Qc6 12.f3 Nxc3 13.Nxc3 Bxc3 14.Rc1 Bd4+ 15.
Kh1 a5 16.cxb6 Qxb6 17.Bc7 Qf6 18.bxa5 Ba6 19.Nb4 Bc4 20.Qd2 Rfc8 21.Bf4 
Rxa5 22.Rfd1 Bb6 23.e4 Rca8 24.Bh6 e6 25.f4 Bc5 26.exd5 Bxb4 27.Qxb4 exd5 
28.Rxc4 dxc4 29.Bxa8 Rxa8 30.Qb7 Nb6 31.Rb1 Re8 32.Qxb6 Qf5 33.Rd1 c3 34.
Qd4 f6 35.Qc4+ Kh8 36.Qxc3 1-0

[Event "21st WCh U20 Girls"]
[Site "Nakhchivan AZE"]
[Date "2003.06.28"]
[Round "6"]
[White "Ubiennykh, Ekaterina"]
[Black "Agaeva, Shahana"]
[Result "1-0"]
[WhiteElo "2293"]
[BlackElo "2107"]
[EventDate "2003.06.22"]
[PlyCount "123"]

1.d4 d5 2.c4 e6 3.Nf3 Nf6 4.Nc3 c6 5.e3 Nbd7 6.Qc2 Bd6 7.g4 Nxg4 8.Rg1 
Nxh2 9.Nxh2 Bxh2 10.Rxg7 Qh4 11.e4 dxe4 12.Bg5 Qg4 13.Nxe4 Qf5 14.Be3 h6 
15.O-O-O Nf6 16.Bd3 Nxe4 17.Bxe4 Qf6 18.Rg2 Bf4 19.Qd2 Bxe3 20.fxe3 Bd7 
21.Qa5 Qe7 22.Rdg1 Rf8 23.Rg8 Qd6 24.Rxf8+ Qxf8 25.Qc7 Ke7 26.c5 Qb8 27.
Qa5 Qh2 28.Qe1 Rh8 29.Rh1 Qb8 30.Qh4+ f6 31.Rf1 Qf8 32.Qf4 f5 33.Bf3 Qg7 
34.Qd6+ Kd8 35.Qb8+ Bc8 36.Qxa7 Qg5 37.Qa5+ Kd7 38.Qe1 h5 39.Rg1 Qf6 40.
Qg3 f4 41.Qg7+ Qxg7 42.Rxg7+ Kd8 43.e4 h4 44.Rg2 Ke7 45.e5 Kf7 46.Kd2 Rg8 
47.Rxg8 Kxg8 48.Kd3 Kg7 49.Ke4 Kg6 50.Kxf4 h3 51.b4 h2 52.a4 Bd7 53.Be4+ 
Kh5 54.Kg3 Kg5 55.b5 cxb5 56.axb5 Bxb5 57.Bxb7 Ba4 58.Kxh2 Kf4 59.c6 Ke3 
60.c7 Bd7 61.Kg3 Kxd4 62.Kf4 1-0

[Event "21st WCh U20 Girls"]
[Site "Nakhchivan AZE"]
[Date "2003.06.28"]
[Round "6"]
[White "Khudaverdieva, Afag"]
[Black "Mamedyarova, Zeinab"]
[Result "0-1"]
[WhiteElo "2063"]
[BlackElo "2298"]
[EventDate "2003.06.22"]
[PlyCount "138"]

1.d4 b5 2.e3 Bb7 3.Nf3 a6 4.c4 b4 5.Nbd2 e6 6.Bd3 c5 7.O-O Nf6 8.e4 cxd4 
9.e5 Ng8 10.Nxd4 d6 11.Qa4+ Qd7 12.Qxd7+ Nxd7 13.exd6 Nc5 14.Be2 Bxd6 15.
N2b3 Nf6 16.Be3 Rc8 17.Rfd1 Ke7 18.Na5 Ba8 19.Nc2 Na4 20.c5 Bxc5 21.Bxa6 
Rc7 22.Rdc1 Bxe3 23.Nxe3 Ra7 24.Nc6+ Bxc6 25.Rxc6 Rha8 26.Be2 Nxb2 27.Rb1 
Na4 28.Rxb4 Nd7 29.Rc2 Nac5 30.Bf3 Nd3 31.Rb1 Rd8 32.Rd2 N3e5 33.Bd1 f5 
34.Bb3 f4 35.Nc4 Nc6 36.f3 Nc5 37.Rxd8 Nxd8 38.Nd2 Nxb3 39.axb3 Nc6 40.Ne4
Nd4 41.b4 Rb7 42.Nc5 Rb5 43.Kf2 Nc6 44.Nd3 g5 45.Ke2 Kd6 46.Kd2 Rd5 47.Kc3
Nd4 48.Nc5 Nb5+ 49.Kb3 h6 50.Ne4+ Kc6 51.Rc1+ Kb6 52.Nc5 Rd2 53.Na4+ Kb7 
54.Rc5 Nc7 55.Rc2 Rd3+ 56.Kc4 Rd1 57.Nc5+ Kc6 58.Ne4 Nd5 59.b5+ Kb6 60.Rb2
Ne3+ 61.Kb4 Rg1 62.g3 Rf1 63.Nd2 Nd5+ 64.Kc4 Rd1 65.Ne4 Ne3+ 66.Kb4 Rd4+ 
67.Kc3 Rxe4 68.Rd2 Rc4+ 69.Kb3 Kxb5 0-1

[Event "21st WCh U20 Girls"]
[Site "Nakhchivan AZE"]
[Date "2003.06.28"]
[Round "6"]
[White "Topel, Zehra"]
[Black "Shukurova, Meihriban"]
[Result "1-0"]
[WhiteElo "2092"]
[BlackElo "2250"]
[EventDate "2003.06.22"]
[PlyCount "95"]

1.d4 Nf6 2.Nf3 g6 3.c4 Bg7 4.Nc3 O-O 5.e4 d6 6.Be2 e5 7.O-O exd4 8.Nxd4 
Re8 9.f3 Nc6 10.Be3 Nh5 11.Nxc6 bxc6 12.Bd4 Bxd4+ 13.Qxd4 Nf4 14.Kh1 Qg5 
15.g3 Ne6 16.Qd1 Rb8 17.Rb1 a5 18.f4 Qc5 19.f5 Ng5 20.Bd3 Qe3 21.Qg4 Qxd3 
22.Qxg5 Rxe4 23.fxg6 hxg6 24.Qd8+ Kg7 25.Qf6+ Kh6 26.Qh8+ Kg5 27.Nxe4+ 
Qxe4+ 28.Kg1 Bf5 29.Qxb8 Qd4+ 30.Rf2 Bxb1 31.Qd8+ Kh5 32.Qf6 Qxf6 33.Rxf6 
Bxa2 34.Rxf7 Bxc4 35.Rxc7 Bb5 36.Kf2 Kg5 37.Rf7 c5 38.h4+ Kh6 39.g4 Bc4 
40.Ra7 g5 41.h5 d5 42.Rxa5 Bb3 43.Rxc5 Kg7 44.Rc6 d4 45.Rg6+ Kf7 46.Rxg5 
d3 47.Ke3 Kf6 48.Rg6+ 1-0

[Event "21st WCh U20 Girls"]
[Site "Nakhchivan AZE"]
[Date "2003.06.28"]
[Round "6"]
[White "Morales Mendoza, Luciana"]
[Black "Mammadova, Nargiz"]
[Result "1-0"]
[WhiteElo "2051"]
[BlackElo "2122"]
[EventDate "2003.06.22"]
[PlyCount "53"]

1.e4 c5 2.Nf3 d6 3.d4 cxd4 4.Nxd4 Nf6 5.Nc3 e6 6.g3 a6 7.Bg2 Be7 8.O-O O-O
9.Be3 Qc7 10.Qe2 Bd7 11.g4 Nc6 12.g5 Ne8 13.f4 b5 14.a3 Rb8 15.Rad1 Nxd4 
16.Bxd4 a5 17.Qh5 g6 18.Qh6 f6 19.f5 exf5 20.Nd5 Qd8 21.exf5 Bxf5 22.Rde1 
Rb7 23.gxf6 Nxf6 24.Nxf6+ Bxf6 25.Bxf6 Rxf6 26.Bxb7 Qb6+ 27.Re3 1-0

[Event "21st WCh U20 Girls"]
[Site "Nakhchivan AZE"]
[Date "2003.06.28"]
[Round "6"]
[White "Verot, Melanie"]
[Black "Van der Merwe, Cecile"]
[Result "0-1"]
[WhiteElo "2092"]
[BlackElo "2068"]
[EventDate "2003.06.22"]
[PlyCount "140"]

1.e4 e6 2.d4 d5 3.Nc3 Nf6 4.e5 Nfd7 5.f4 c5 6.Nf3 Nc6 7.Be3 Qb6 8.Na4 Qa5+
9.c3 cxd4 10.b4 Qd8 11.Nxd4 Be7 12.Bd3 Nxd4 13.Bxd4 O-O 14.O-O a6 15.Rf3 
f5 16.Rh3 g6 17.Nb2 Qe8 18.c4 dxc4 19.Bxc4 Bxb4 20.Nd3 b5 21.Bxe6+ Qxe6 
22.Nxb4 Bb7 23.Qb3 Qxb3 24.axb3 a5 25.Nc2 Rfc8 26.Na3 Ba6 27.Re3 b4 28.e6 
Nc5 29.Bxc5 Rxc5 30.e7 Re8 31.Nc4 Bxc4 32.bxc4 Rxc4 33.Rxa5 Rxf4 34.Rb5 
Kf7 35.Rb7 Rc4 36.Rb3 Rxe7 37.R3xb4 Rxb4 38.Rxb4 Kf6 39.Kf2 Re4 40.Rb7 h6 
41.Rb6+ Kg5 42.g3 Ra4 43.h4+ Kh5 44.Rf6 g5 45.Rxf5 Kg4 46.Rf6 Ra2+ 47.Kf1 
Kxg3 48.hxg5 hxg5 49.Rb6 Ra1+ 50.Ke2 g4 51.Rb8 Kg2 52.Rg8 g3 53.Rg7 Kh2 
54.Rh7+ Kg1 55.Rg7 g2 56.Rg8 Ra5 57.Rg7 Rf5 58.Rg8 Rf4 59.Rg7 Rf2+ 60.Ke1 
Ra2 61.Rg8 Ra6 62.Ke2 Re6+ 63.Kd2 Re5 64.Rg7 Kf2 65.Rf7+ Kg3 66.Rg7+ Kf3 
67.Rg8 Re4 68.Rf8+ Rf4 69.Rg8 Rg4 70.Rf8+ Kg3 0-1

[Event "21st WCh U20 Girls"]
[Site "Nakhchivan AZE"]
[Date "2003.06.28"]
[Round "6"]
[White "Saheli, Nath"]
[Black "Valickova, Martina"]
[Result "1-0"]
[WhiteElo "2078"]
[BlackElo "2046"]
[EventDate "2003.06.22"]
[PlyCount "105"]

1.e4 e5 2.Nf3 Nc6 3.Bb5 a6 4.Bxc6 dxc6 5.O-O f6 6.d4 exd4 7.Nxd4 c5 8.Nb3 
Qxd1 9.Rxd1 Bg4 10.f3 Be6 11.Nc3 Bd6 12.Be3 b6 13.a4 Kf7 14.a5 c4 15.Nd4 
b5 16.Nxe6 Kxe6 17.f4 Ne7 18.Kf2 Nc6 19.Nd5 Rhd8 20.Kf3 Nb4 21.f5+ Kf7 22.
Nxb4 Bxb4 23.Rxd8 Rxd8 24.Bf4 c6 25.g4 c3 26.b3 c5 27.g5 Rc8 28.h4 c4 29.
bxc4 Rxc4 30.h5 Rd4 31.g6+ hxg6 32.fxg6+ Ke6 33.h6 gxh6 34.Bxh6 f5 35.
exf5+ Kxf5 36.g7 Rd8 37.Rg1 Rg8 38.Rg5+ Kf6 39.Rg1 Kf7 40.Rb1 Be7 41.Rd1 
Rd8 42.Rg1 Kg8 43.Ke4 Rd6 44.Bf4 Rd8 45.Rg6 Ra8 46.Be5 Bb4 47.Kf5 Bxa5 48.
Rh6 Kf7 49.Rf6+ Kg8 50.Kg6 Bb4 51.Rf3 Re8 52.Rh3 Re6+ 53.Bf6 1-0

[Event "21st WCh U20 Girls"]
[Site "Nakhchivan AZE"]
[Date "2003.06.28"]
[Round "6"]
[White "Yilmaz, Ezgi"]
[Black "Rajmohan, Mahima"]
[Result "0-1"]
[WhiteElo "1986"]
[BlackElo "2104"]
[EventDate "2003.06.22"]
[PlyCount "84"]

1.e4 c5 2.Nf3 Nc6 3.d4 cxd4 4.Nxd4 g6 5.g3 Bg7 6.Nb3 Nf6 7.Bg2 d6 8.Nc3 
O-O 9.O-O Kh8 10.Kh1 Ne8 11.f4 f5 12.exf5 Bxf5 13.g4 Bd7 14.Rb1 Qc8 15.h3 
Nf6 16.Be3 Bxg4 17.hxg4 Nxg4 18.Bg1 Rf5 19.Bf3 Rh5+ 20.Kg2 Rh2+ 21.Kg3 Ne3
22.Bg4 Rg2+ 23.Kh3 Rxg4 24.Bxe3 Rg5+ 25.Kh2 Rh5+ 26.Kg2 Qh3+ 27.Kf2 Bf6 
28.Qf3 Qh2+ 29.Qg2 Bh4+ 30.Kf3 Ne5+ 31.fxe5 Rf8+ 32.Bf4 Rxf4+ 33.Ke3 Qxg2 
34.Rxf4 Bg5 35.exd6 Bxf4+ 36.Kxf4 Qf2+ 37.Ke4 exd6 38.a3 Re5+ 39.Kd3 Qe3+ 
40.Kc4 Qf4+ 41.Kd3 Re3+ 42.Kd2 Rh3+ 0-1

[Event "21st WCh U20 Girls"]
[Site "Nakhchivan AZE"]
[Date "2003.06.28"]
[Round "6"]
[White "Umudova, Nargiz"]
[Black "Charbonneau, Anne-Marie"]
[Result "1-0"]
[WhiteElo "1922"]
[BlackElo "2052"]
[EventDate "2003.06.22"]
[PlyCount "133"]

1.e4 c5 2.Nf3 e6 3.d4 cxd4 4.Nxd4 Nf6 5.Bd3 d6 6.O-O g6 7.c4 Bg7 8.Bc2 a6 
9.Nc3 O-O 10.b3 Qc7 11.Bb2 b6 12.Qd2 Bb7 13.Rad1 Rd8 14.f4 Nc6 15.f5 Qe7 
16.Nxc6 Bxc6 17.Ba3 Ne8 18.fxg6 hxg6 19.Qe3 Qb7 20.Ne2 b5 21.Nd4 bxc4 22.
bxc4 Rac8 23.Rf2 Qa7 24.Rfd2 Ba8 25.c5 dxc5 26.Nc6 Bxc6 27.Rxd8 Rxd8 28.
Rxd8 Bd4 29.Rxd4 cxd4 30.Qf2 e5 31.h3 Qb7 32.Qf3 Qd7 33.Qg3 Qe6 34.Bb3 Qf6
35.Be7 Qg7 36.Qg4 Qh6 37.Qf3 Qf4 38.Qxf4 exf4 39.Bd5 Bxd5 40.exd5 f5 41.
Kf2 Kf7 42.Bc5 Nc7 43.Bxd4 Nxd5 44.h4 Ke6 45.Kf3 Ne3 46.Bxe3 fxe3 47.Kxe3 
Ke5 48.g3 a5 49.a4 Kf6 50.Kf4 Ke6 51.Kg5 Kf7 52.h5 gxh5 53.Kxf5 Kg7 54.Kg5
Kh8 55.Kxh5 Kh7 56.Kg5 Kg7 57.g4 Kf7 58.Kh6 Kg8 59.Kg6 Kh8 60.Kf7 Kh7 61.
Ke6 Kg6 62.Kd5 Kg5 63.Kc5 Kxg4 64.Kb5 Kf5 65.Kxa5 Ke6 66.Kb6 Kd7 67.Kb7 
1-0

[Event "21st WCh U20 Girls"]
[Site "Nakhchivan AZE"]
[Date "2003.06.29"]
[Round "7"]
[White "Mamedyarova, Zeinab"]
[Black "Harika, Dronavalli"]
[Result "0-1"]
[WhiteElo "2298"]
[BlackElo "2294"]
[EventDate "2003.06.22"]
[PlyCount "150"]

1.d4 Nf6 2.c4 g6 3.Nc3 d5 4.Nf3 Bg7 5.Bg5 Ne4 6.cxd5 Nxg5 7.Nxg5 e6 8.Qd2 
exd5 9.Qe3+ Kf8 10.Qf4 Bf6 11.h4 Kg7 12.O-O-O c6 13.e4 h6 14.Nf3 dxe4 15.
Nxe4 Be6 16.Nxf6 Qxf6 17.Qxf6+ Kxf6 18.b3 Nd7 19.Nd2 Bd5 20.Nc4 Rad8 21.
Ne3 Nb6 22.Be2 Rd6 23.Rd2 Rhd8 24.Rhd1 Nc8 25.g3 Ne7 26.Kb2 Kg7 27.Kc3 Ng8
28.Nxd5 Rxd5 29.Bf3 R5d6 30.d5 c5 31.Kc4 b6 32.Re1 Kf8 33.Rde2 Nf6 34.Re5 
Nd7 35.R5e3 a6 36.a4 Rb8 37.Bg2 b5+ 38.axb5 axb5+ 39.Kc3 Nb6 40.Re5 Rbd8 
41.b4 c4 42.Kd4 Nd7 43.R5e2 Ra8 44.Rb1 Ra3 45.Re3 Ra2 46.Rf3 Rd2+ 47.Kc3 
R2xd5 48.Ra1 Rd3+ 49.Rxd3 Rxd3+ 50.Kc2 Rb3 51.Ra8+ Kg7 52.Bc6 Ne5 53.Bxb5 
Rxb4 54.Be8 Rb7 55.Kc3 Rb3+ 56.Kc2 Rf3 57.Ra5 Kf6 58.Kd2 Rxf2+ 59.Ke3 Rf1 
60.Ke4 Re1+ 61.Kd5 c3 62.Ba4 Ng4 63.Ra6+ Kg7 64.Rc6 Re3 65.Rc7 h5 66.Kd4 
Rxg3 67.Bb3 Nh6 68.Bd5 Rh3 69.Ke5 Rxh4 70.Rxc3 Rg4 71.Rc7 Rg1 72.Be4 h4 
73.Rc3 g5 74.Rh3 Ng4+ 75.Kf5 Nf2 0-1

[Event "21st WCh U20 Girls"]
[Site "Nakhchivan AZE"]
[Date "2003.06.29"]
[Round "7"]
[White "Karavade, Eesha"]
[Black "Ubiennykh, Ekaterina"]
[Result "0-1"]
[WhiteElo "2199"]
[BlackElo "2293"]
[EventDate "2003.06.22"]
[PlyCount "124"]

1.e4 e5 2.Nf3 Nc6 3.Bb5 a6 4.Ba4 Nf6 5.O-O Be7 6.Re1 b5 7.Bb3 O-O 8.h3 d6 
9.c3 Na5 10.Bc2 c5 11.d4 Nd7 12.Nbd2 Bf6 13.Nf1 exd4 14.cxd4 Bb7 15.Bf4 
cxd4 16.Bxd6 Re8 17.Qd3 g6 18.e5 Bg7 19.N1d2 Rc8 20.Rac1 Nc4 21.Nxc4 bxc4 
22.Qxd4 Bxf3 23.gxf3 Bxe5 24.Bxe5 Nxe5 25.Qxd8 Nxf3+ 26.Kf1 Rexd8 27.Re3 
Ng5 28.Rc3 Rd2 29.Rd1 Rxd1+ 30.Bxd1 Rb8 31.b3 cxb3 32.Bxb3 Ne4 33.Rc2 Rb6 
34.Kg2 Kg7 35.Bd5 Nf6 36.Bb3 Nh5 37.Rc7 Rf6 38.Bc4 Nf4+ 39.Kg3 Nh5+ 40.Kg2
g5 41.Ra7 Nf4+ 42.Kg3 Rh6 43.Bf1 Rc6 44.Rxa6 Rc1 45.Bb5 Rg1+ 46.Kf3 Nxh3 
47.Bd7 Nf4 48.Ra7 Re1 49.Bb5 Ng6 50.a4 h5 51.a5 g4+ 52.Kg2 h4 53.Bc4 Ne5 
54.Bd5 Rd1 55.Ba8 Nd3 56.Be4 Nf4+ 57.Kh2 Rf1 58.a6 Rxf2+ 59.Kg1 g3 60.
Rxf7+ Kxf7 61.a7 Nh3+ 62.Kh1 Rh2# 0-1

[Event "21st WCh U20 Girls"]
[Site "Nakhchivan AZE"]
[Date "2003.06.29"]
[Round "7"]
[White "Shukurova, Meihriban"]
[Black "Mamedyarova, Turkan"]
[Result "0-1"]
[WhiteElo "2250"]
[BlackElo "2222"]
[EventDate "2003.06.22"]
[PlyCount "120"]

1.e4 d6 2.d4 Nd7 3.Nc3 e5 4.f4 exf4 5.Bxf4 Ne7 6.Nf3 Ng6 7.Bg3 Be7 8.Bc4 
O-O 9.Qd2 Nb6 10.Bb3 h5 11.h4 Bg4 12.O-O-O c5 13.dxc5 dxc5 14.Bd5 Nxd5 15.
Nxd5 Bd6 16.Bxd6 Qxd6 17.Qc3 Nf4 18.Qd2 Nxd5 19.exd5 Rfe8 20.Rde1 Bxf3 21.
gxf3 Rad8 22.Qg5 g6 23.Rhg1 Kg7 24.Rxe8 Rxe8 25.Qd2 Rd8 26.Rd1 Qf6 27.Qg5 
Qd6 28.c4 Re8 29.Qd2 a6 30.b3 Qf6 31.Qb2 Qxb2+ 32.Kxb2 Re2+ 33.Kc3 Kf8 34.
Rd2 Re1 35.Kd3 Rh1 36.Ke4 Rxh4+ 37.Ke5 Ke7 38.d6+ Kd7 39.f4 Rh1 40.Kf6 h4 
41.Kxf7 Rg1 42.Kf6 h3 43.Rh2 Rg3 44.Ke5 g5 45.fxg5 Rxg5+ 46.Kf4 Rh5 47.Kg4
Rh8 48.Kg3 Kxd6 49.Rd2+ Kc6 50.Kh2 b5 51.Rc2 Rh4 52.cxb5+ axb5 53.Rf2 c4 
54.b4 c3 55.Rc2 Rc4 56.Kxh3 Kd5 57.Kg3 Kd4 58.a3 Kd3 59.Rf2 c2 60.Rf3+ Kd4
0-1

[Event "21st WCh U20 Girls"]
[Site "Nakhchivan AZE"]
[Date "2003.06.29"]
[Round "7"]
[White "Dzagnidze, Nana"]
[Black "Topel, Zehra"]
[Result "1-0"]
[WhiteElo "2376"]
[BlackElo "2092"]
[EventDate "2003.06.22"]
[PlyCount "105"]

1.Nf3 f5 2.b3 Nf6 3.Bb2 g6 4.d3 Bg7 5.e4 d6 6.exf5 Bxf5 7.d4 c6 8.Bc4 b5 
9.Bd3 Bxd3 10.Qxd3 O-O 11.O-O Nd5 12.Nbd2 Nd7 13.Qe2 Nf4 14.Qe4 Rf5 15.
Rfe1 e5 16.dxe5 dxe5 17.Red1 Qb6 18.Nc4 bxc4 19.Rxd7 Raf8 20.Qe3 Nh3+ 21.
Kf1 Qxe3 22.fxe3 Ng5 23.e4 Nxe4 24.Ke2 Nf6 25.Rxa7 Nd5 26.bxc4 Nf4+ 27.Kf2
Nxg2 28.Kxg2 Rxf3 29.Ba3 R3f7 30.Rxf7 Rxf7 31.Bc5 Rf4 32.a4 Rxc4 33.Bb6 
Rxc2+ 34.Kh1 e4 35.Ra3 Rc3 36.Ra2 e3 37.a5 Rd3 38.Re2 Bh6 39.a6 Ra3 40.a7 
Kf7 41.Kg2 Ke6 42.Bxe3 Bxe3 43.Rxe3+ Rxe3 44.a8=Q Re5 45.Qg8+ Kf6 46.Qh8+ 
Kf5 47.Qxh7 Kf6 48.Qh8+ Kf5 49.Kf3 c5 50.h4 Ke6 51.Qg7 Rf5+ 52.Kg4 Rf6 53.
Kg5 1-0

[Event "21st WCh U20 Girls"]
[Site "Nakhchivan AZE"]
[Date "2003.06.29"]
[Round "7"]
[White "Ismailova, Aytaj"]
[Black "Tania, Sachdev"]
[Result "0-1"]
[WhiteElo "2168"]
[BlackElo "2245"]
[EventDate "2003.06.22"]
[PlyCount "78"]

1.e4 c5 2.Nf3 e6 3.d4 cxd4 4.Nxd4 a6 5.Bd3 Nf6 6.Qe2 d6 7.Nc3 Qc7 8.Be3 
Be7 9.f3 b5 10.Qf2 Nbd7 11.O-O-O Bb7 12.g4 Nc5 13.Kb1 Nfd7 14.h4 b4 15.
Nce2 d5 16.exd5 Bxd5 17.g5 Ne5 18.h5 Qa5 19.b3 Rd8 20.Rhg1 g6 21.Rh1 Kd7 
22.Qg3 Ncxd3 23.cxd3 Bd6 24.Qf4 Rdf8 25.Qf6 Rhg8 26.Nf4 Kc7 27.hxg6 hxg6 
28.Rh7 Kb8 29.Rdh1 Nd7 30.Nxd5 Qxd5 31.Nc6+ Qxc6 32.Qb2 Be5 33.Qd2 Qc3 34.
Qxc3 Bxc3 35.R1h4 Rh8 36.d4 Rxh7 37.Rxh7 e5 38.d5 Kc7 39.Kc2 Kd6 0-1

[Event "21st WCh U20 Girls"]
[Site "Nakhchivan AZE"]
[Date "2003.06.29"]
[Round "7"]
[White "Saheli, Nath"]
[Black "Calotescu, Ana-Cristina"]
[Result "1/2-1/2"]
[WhiteElo "2078"]
[BlackElo "2334"]
[EventDate "2003.06.22"]
[PlyCount "97"]

1.e4 c5 2.Nf3 d6 3.d4 cxd4 4.Nxd4 Nf6 5.Nc3 a6 6.g3 e5 7.Nb3 Nbd7 8.a4 b6 
9.Bg2 Bb7 10.O-O Be7 11.Re1 O-O 12.f4 Rc8 13.f5 Rc4 14.Qe2 Qc8 15.Bg5 h6 
16.Bxf6 Nxf6 17.Rad1 Qc7 18.Nd2 Rb4 19.Rb1 Rc8 20.Nb3 b5 21.axb5 axb5 22.
Ra1 Rc4 23.Na5 Rc5 24.Nxb7 Qxb7 25.Rec1 Rc4 26.Nd5 Nxd5 27.exd5 Bg5 28.b3 
Rc3 29.Rd1 Rxc2 30.Qf3 R8c3 31.Rd3 b4 32.h4 Bf6 33.Qe3 Rxd3 34.Qxd3 Rc3 
35.Qa6 Qc7 36.Qb5 Qc5+ 37.Qxc5 dxc5 38.d6 Rd3 39.Rc1 Rxb3 40.Rxc5 Rxg3 41.
Rb5 b3 42.d7 Kh7 43.h5 Rd3 44.Be4 Rd4 45.Bc6 Rd3 46.Rb8 e4 47.Bxe4 Rd1+ 
48.Kg2 b2 49.Rb7 1/2-1/2

[Event "21st WCh U20 Girls"]
[Site "Nakhchivan AZE"]
[Date "2003.06.29"]
[Round "7"]
[White "Sergeeva, Maria"]
[Black "Khudaverdieva, Afag"]
[Result "0-1"]
[WhiteElo "2340"]
[BlackElo "2063"]
[EventDate "2003.06.22"]
[PlyCount "60"]

1.e4 e6 2.d4 d5 3.Nc3 Nf6 4.e5 Nfd7 5.f4 c5 6.Nf3 Nc6 7.Be3 a6 8.Qd2 cxd4 
9.Nxd4 Bc5 10.O-O-O O-O 11.h4 Nxd4 12.Bxd4 b5 13.h5 b4 14.Na4 Bxd4 15.Qxd4
a5 16.Bb5 Rb8 17.Bxd7 Bxd7 18.Nc5 Bb5 19.Qd2 a4 20.f5 Qc7 21.f6 Qxe5 22.
fxg7 Rfc8 23.Nd3 Bxd3 24.Qxd3 b3 25.axb3 Rxb3 26.Qd4 Qc7 27.Rd2 a3 28.bxa3
Rcb8 29.Qa1 Qc5 30.Rh3 Qg1+ 0-1

[Event "21st WCh U20 Girls"]
[Site "Nakhchivan AZE"]
[Date "2003.06.29"]
[Round "7"]
[White "Nowak, Dominika"]
[Black "Makka, Ioulia"]
[Result "0-1"]
[WhiteElo "2098"]
[BlackElo "2234"]
[EventDate "2003.06.22"]
[PlyCount "80"]

1.e4 c6 2.d4 d5 3.Nd2 dxe4 4.Nxe4 Nd7 5.Bc4 Ngf6 6.Ng5 e6 7.Qe2 Nb6 8.Bd3 
h6 9.N5f3 c5 10.dxc5 Bxc5 11.Ne5 Nbd7 12.Ngf3 Qc7 13.O-O O-O 14.Re1 Nxe5 
15.Nxe5 Bd6 16.Bf4 b6 17.c3 Bb7 18.Rad1 Rad8 19.Bb1 Nd5 20.Qc2 f5 21.Bg3 
Ba8 22.a3 Qb7 23.f3 Qc7 24.Kh1 Rfe8 25.c4 Nf6 26.Rxd6 Rxd6 27.Nd3 Nh5 28.
Bxd6 Qxd6 29.c5 bxc5 30.Qxc5 Qd7 31.Qe3 Bd5 32.Nb4 a5 33.Nxd5 Qxd5 34.Bc2 
Qd6 35.Bxf5 e5 36.Qc3 Qf6 37.Be4 Rd8 38.Qxa5 Qg5 39.g3 Rd2 40.f4 Nxg3+ 0-1